Biblioteca

Hacia una dinamica del desarrollo y Crecimiento de la iglesia local en la AIEC / José Luis Somoyar Ordoisgoitia (Registro nro. 35648)

Detalles MARC
000 -LÍDER
Campo fijo de descripción fija 006040000a22001570004500
001 - NÚMERO DE CONTROL
Campo de control 5221
100 1# - ASIENTO PRINCIPAL--NOMBRE PERSONAL
Nombre personal Somoyar Ordosgoitia, José Luis
245 10 - TÍTULO
Título del Material Hacia una dinamica del desarrollo y Crecimiento de la iglesia local en la AIEC / José Luis Somoyar Ordoisgoitia
260 ## - PUBLICACIÓN, DISTRIBUCIÓN, ETC. (PIE DE IMPRENTA)
Lugar de publicación, distribución, etc. Medellín, Colombia
300 ## - DESCRIPCIÓN FÍSICA
Extensión Pag 117
500 ## - NOTA GENERAL
Nota General Tesis (licenciatura)--Seminario bíblico de Colombia
942 ## - TIPO DE MATERIAL (KOHA)
Tipo de Item KOHA Libros General
Existencias
Estado de Material Estado de Perdido Estado de Dañado No para Préstamo Colección Tomo Biblioteca de Origen Biblioteca Permanente Fecha de Adquisición Total de Préstamos Signatura Topográfica Código de Barras Última vez visto Ejemplar/Existencia Fecha de Remplazo Tipo de Material
        Trabajos de grado   Biblioteca FUSBC Biblioteca FUSBC 10/12/2004   T So56h 11437 12/12/2019 1 26/01/2016 Trabajos de Grado

Biblioteca FUSBC | Teléfono: (57+4) 349 88 10 Ext. 141| WhatsApp (+57) 3005338115 
E-mail: biblioteca@unisbc.edu.co | Calle 76 87-14 Robledo Palenque, Medellín, Colombia

Con tecnología Koha